Detalles MARC
| 000 -CABECERA |
| fixed length control field |
01312Cam#a2200433#a#4500 |
| 001 - NUMERO DE CONTROL |
| control field |
010834 |
| 003 - CONTROL NUMBER IDENTIFIER |
| control field |
AR-BeUNQ |
| 005 - FECHA Y HORA DE LA ULTIMA TRANSACCION |
| control field |
20220713162456.0 |
| 008 - ELEMENTOS DE LONGITUD FIJA-INFORMACION GENERAL |
| fixed length control field |
950810s1994 ag ad ### #001#0#spa#d |
| 020 ## - NUMERO INTERNACIONAL NORMALIZADO PARA LIBROS |
| Número Internacional Normalizado del libro |
9500603756 |
| 040 ## - FUENTE DE CATALOGACION |
| Agencia de catalogación original |
AR-beUNQ |
| 082 04 - NUMERO DE CLASIFICACION DECIMAL DEWEYMBER |
| Número de clasificación |
570 |
| Número de la edición |
21 |
| 100 1# - ASIENTO PRINCIPAL-NOMBRE PERSONAL |
| Nombre personal |
Curtis, Helena |
| 245 02 - MENCION DE TITULO |
| Título |
Biología |
| Mención de responsabilidad, etc |
Helena Curtis, N. Sue Barnes. |
| 250 ## - MENCION DE EDICION |
| Mención de edición |
5a. ed. |
| 260 ## - PUBLICACION, DISTRIBUCION, ETC. |
| Lugar de publicación, distribución, etc. |
Buenos Aires : |
| Nombre del editor, distribuidor, etc. |
Panamericana, |
| Fecha de publicación, distribución, etc |
1994 |
| 300 ## - DESCRIPCION FISICA |
| Extensión |
1199 p. : |
| Otros detalles físicos |
il., gráficos, tablas, cuadros ; |
| Dimensiones |
27 cm. |
| 500 ## - NOTA GENERAL |
| Nota general |
Traducción de: Biology. New York: Worth Publishers, 1989. |
| 500 ## - NOTA GENERAL |
| Nota general |
Incluye índice y glosario. |
| 650 #7 - ASIENTO SECUNDARIO DE MATERIA - TERMINO TEMATICO |
| Término temático o nombre geográfico como elemento de entrada |
BIOLOGIA |
| Fuente del encabezamiento o términ |
Spines |
| 650 #7 - ASIENTO SECUNDARIO DE MATERIA - TERMINO TEMATICO |
| Término temático o nombre geográfico como elemento de entrada |
FENOMENOS BIOLOGICOS |
| Fuente del encabezamiento o términ |
Spines |
| 650 #7 - ASIENTO SECUNDARIO DE MATERIA - TERMINO TEMATICO |
| Término temático o nombre geográfico como elemento de entrada |
EVOLUCION |
| Fuente del encabezamiento o términ |
Spines |
| 650 #7 - ASIENTO SECUNDARIO DE MATERIA - TERMINO TEMATICO |
| Término temático o nombre geográfico como elemento de entrada |
CELULAS (BIOLOGIA) |
| Fuente del encabezamiento o términ |
Spines |
| 650 #7 - ASIENTO SECUNDARIO DE MATERIA - TERMINO TEMATICO |
| Término temático o nombre geográfico como elemento de entrada |
AGUA |
| Fuente del encabezamiento o términ |
Spines |
| 650 #7 - ASIENTO SECUNDARIO DE MATERIA - TERMINO TEMATICO |
| Término temático o nombre geográfico como elemento de entrada |
TERMODINAMICA |
| Fuente del encabezamiento o términ |
Spines |
| 650 #7 - ASIENTO SECUNDARIO DE MATERIA - TERMINO TEMATICO |
| Término temático o nombre geográfico como elemento de entrada |
OXIDORREDUCCION |
| Fuente del encabezamiento o términ |
Spines |
| 650 #7 - ASIENTO SECUNDARIO DE MATERIA - TERMINO TEMATICO |
| Término temático o nombre geográfico como elemento de entrada |
REACCIONES QUIMICAS |
| Fuente del encabezamiento o términ |
Spines |
| 650 #7 - ASIENTO SECUNDARIO DE MATERIA - TERMINO TEMATICO |
| Término temático o nombre geográfico como elemento de entrada |
FOTOSINTESIS |
| Fuente del encabezamiento o términ |
Spines |
| 650 #7 - ASIENTO SECUNDARIO DE MATERIA - TERMINO TEMATICO |
| Término temático o nombre geográfico como elemento de entrada |
GENETICA |
| Fuente del encabezamiento o términ |
Spines |
| 650 #7 - ASIENTO SECUNDARIO DE MATERIA - TERMINO TEMATICO |
| Término temático o nombre geográfico como elemento de entrada |
HERENCIA |
| Fuente del encabezamiento o términ |
Spines |
| 650 #7 - ASIENTO SECUNDARIO DE MATERIA - TERMINO TEMATICO |
| Término temático o nombre geográfico como elemento de entrada |
ACIDOS NUCLEICOS |
| Fuente del encabezamiento o términ |
Spines |
| 650 #7 - ASIENTO SECUNDARIO DE MATERIA - TERMINO TEMATICO |
| Término temático o nombre geográfico como elemento de entrada |
ECOSISTEMAS |
| Fuente del encabezamiento o términ |
Spines |
| 650 #7 - ASIENTO SECUNDARIO DE MATERIA - TERMINO TEMATICO |
| Término temático o nombre geográfico como elemento de entrada |
BIOLOGIA MOLECULAR |
| Fuente del encabezamiento o términ |
Spines |
| 650 #7 - ASIENTO SECUNDARIO DE MATERIA - TERMINO TEMATICO |
| Término temático o nombre geográfico como elemento de entrada |
BIOSFERA |
| Fuente del encabezamiento o términ |
Spines |
| 650 #7 - ASIENTO SECUNDARIO DE MATERIA - TERMINO TEMATICO |
| Término temático o nombre geográfico como elemento de entrada |
ORGANISMOS VIVOS |
| Fuente del encabezamiento o términ |
Spines |
| 650 #7 - ASIENTO SECUNDARIO DE MATERIA - TERMINO TEMATICO |
| Término temático o nombre geográfico como elemento de entrada |
DINAMICA POBLACIONAL |
| Fuente del encabezamiento o términ |
Spines |
| 650 #7 - ASIENTO SECUNDARIO DE MATERIA - TERMINO TEMATICO |
| Término temático o nombre geográfico como elemento de entrada |
GLOSARIO |
| Fuente del encabezamiento o términ |
toit |
| 700 1# - ASIENTO SECUNDARIO - NOMBRE DE PERSONA |
| Personal name |
Barnes, N Sue |